00694nam a22001937a 4500010001300000020002200013035001300035037001600048040001200064082001600076100002000092245018100112260004200293270005000335300002400385500002000409650004000429650003100469 aA-994190 c00.00a8120722523 aA-994190 bCen Lib/Ret aDPLbEN a883.08bRAM aRamulu, G. Sree aVoyage into consciousness :cby G. Sree Ramulubthe fiction of Anita Desai and Virginia Woolf (with special reference to Where shall we go this summer? and To the lighthouse) / aNew DelhibSterling Publishers c2000 aL-10, Green Park ExtensionbNew Delhie110016 avii,158p.c22cm(Hb) aIncludes index  aTo the lighthouse (Woolf, Virginia) aWoolf, Virginia, 1882-1941